Pays dont le drapeau est bleu, blanc, rouge - Statistiques

Statistiques générales
  • Ce quiz a été pris 373 fois
  • Le résultat moyen est 13 sur 22
Statistiques - réponses
Nom du pays % Correct
France
100%
Pays-Bas
87%
Russie
87%
États-Unis
82%
Luxembourg
80%
Royaume-Uni
80%
Australie
72%
Nouvelle-Zélande
68%
Islande
58%
Norvège
57%
Slovaquie
56%
Panama
52%
Costa-Rica
50%
Thaïlande
50%
Chili
49%
Cuba
48%
République Tchèque
45%
Corée du Nord
38%
Laos
36%
Libéria
34%
Samoa
24%
Népal
23%
Aucun quiz correspondant
Distribution des résultats
% des personnes avec chaque résultat
Percentile par nombre de réponses
Votre historique - résultats
Vous n’avez pas pris ce quiz